01351nam a2200289 a 450000100100000000500170001000800410002704000250006804100390009308200130013224501010014526001610024630000210040749000530042853400610048150000350054270000400057770000330061770000300065070000270068070000280070783000600073504900090079595201170080495201230092199900170104400002390820200930022548.0110117s1972 mx 000 0 spa d aDO-SdBNPbspacBNPHU17aspaheng2Código de idiomas MARC ann*bnn*00aInferencia estadística /cClifford H. Springer... [et al] ; traducción Francisco Paniagua B. aMéxico, D. F. :bCentro Regional de Ayuda Técnica. Agencia para el Desarrollo Internacional ;bUnión Tipográfica Editorial Hispano-América,c1972. a414 p. ;c23 cm.1 aMatemáticas para la dirección de negociosv3 aTítulo de la obra en inglés :tStatistical inference aIncluye índice alfabético.1 aPaniagua B., Francisco,etr.9491751 aSpringer, Clifford H.9491761 aHerlihy, Robert E.9491771 aMall, Robert T.9491781 aBeggs, Robert I.949179 0aMatemáticas para la dirección de negociosv3949180 aBNGR 001054708MOaGRbGRcCTd2011-01-17iLF1l0onn* nn*p23908-10r2020-06-25w2020-06-25y4ZPréstamo en sala 001054728MOaGRbGRcCTd2011-01-17iLF1l0onn* nn*p23908-20r2020-06-25te. 2w2020-06-25y4ZPréstamo en sala c23404d23404